World Class Quality Using Design of Experiments to Make It Happen

The book that crowned the quality revolution (with over 100,000 copies sold since 1991) is poised to make it happen all over again. This new and expanded edition of the widely influential World Class Quality not only provides more techniques and case studies, but also extends them into new areas (su...

Full description

Bibliographic Details
Main Authors: Bhote, Keki R. (Author), Bhote, Adi K. (Author)
Format: eBook
Language:English
Published: New York : Amacom Jan. 2000
Edition:2nd ed.,Revised,Expanded
Subjects:
Online Access:Connect to the full text of this electronic book

MARC

Tag First Indicator Second Indicator Subfields
LEADER 00000cam a2200000M 4500
001 in00004747713
006 m o d
007 cr |n|||||||||
008 990629e20000104nyua o 000 2 eng d
005 20260123212844.8
020 |a 9780814404270 
020 |a 0814404278 (Trade Cloth) 
035 |a (OCoLC)664117034 
037 |b 00001432 
037 |a 0814404278  |b O'Reilly Media 
040 |a COO  |c COO  |d OCLCQ  |d ORMDA  |d OCL 
049 |a TXAM 
050 4 |a TS156.B563 1999 
082 0 4 |a 658.5/62  |2 21 
100 1 |a Bhote, Keki R.  |e Author 
245 1 0 |a World Class Quality  |b Using Design of Experiments to Make It Happen 
250 |a 2nd ed.,Revised,Expanded 
260 |a New York :  |b Amacom  |c Jan. 2000 
300 |a 1 online resource (512 pages)  |b illustrations. 
336 |a text  |b txt  |2 rdacontent 
337 |a computer  |b c  |2 rdamedia 
338 |a online resource  |b cr  |2 rdacarrier 
521 |a Trade  |b Amacom 
520 |a The book that crowned the quality revolution (with over 100,000 copies sold since 1991) is poised to make it happen all over again. This new and expanded edition of the widely influential World Class Quality not only provides more techniques and case studies, but also extends them into new areas (such as the service sector) and shows how to use them in a wider variety of applications. A new coaching emphasis makes it easy for managers to make these tools available at all levels of a company and even to customers and suppliers. The book also offers: A practical way to secure top management commitment and make "Design of Experiments" a way of life at any company A new reliability technique that simulates field failures at the design stage so they can be prevented before production A new chapter summarizing related quality management and control techniques, making this an essential book for managers concerned with quality. 
650 4 |a Success 
650 0 |a Quality control  |x Statistical methods. 
650 0 |a Process control  |x Statistical methods. 
650 0 |a Experimental design. 
650 7 |a Quality control  |x Statistical methods.  |2 fast  |0 (OCoLC)fst01085001 
650 7 |a Process control  |x Statistical methods.  |2 fast  |0 (OCoLC)fst01078040 
650 7 |a Experimental design.  |2 fast  |0 (OCoLC)fst00918404 
655 7 |a Electronic books.  |2 local 
700 1 |a Bhote, Adi K.  |e Author 
856 4 0 |u https://proxy.library.tamu.edu/login?url=https://go.oreilly.com/TAMU/library/view/-/0814404278/?ar  |z Connect to the full text of this electronic book  |t 0 
955 |a Safari/O'Reilly ebooks 
994 |a 92  |b TXA 
999 f f |s 7e062e46-e777-4b3e-8007-e175fdbf8f78  |i 6906867a-03d2-4138-97eb-9649c13cd41b  |t 0 
952 f f |a Texas A&M University  |b College Station  |c Electronic Resources  |s www_evans  |d Available Online  |t 0  |e TS156.B563 1999   |h Library of Congress classification 
998 f f |a TS156.B563 1999   |t 0  |l Available Online